| 000 | 00608nam a2200205Ia 4500 | ||
|---|---|---|---|
| 001 | 8830 | ||
| 003 | GE_BSU | ||
| 008 | 181216s||||||||xx |||||||||||||| ||und|| | ||
| 040 | _cGE_BSU | ||
| 080 | _a821.353.1-32 | ||
| 100 | _aერისთავ–ხოშტარია,ანასტასია | ||
| 245 | _aმოთხრობები | ||
| 260 | _aტფილისი | ||
| 260 | _bსახელმწიფო გამოცემა | ||
| 260 | _c1934 | ||
| 300 | _a356გვ,20სმ | ||
| 300 | _b1 ფ. პორტრ. | ||
| 653 | _aმოთხრობები | ||
| 942 | _cBK | ||
| 999 |
_c42138 _d42138 |
||